| 000 | 00996nam a2200289Ia 4500 | ||
|---|---|---|---|
| 003 | OSt | ||
| 005 | 20221005092425.0 | ||
| 006 | a|||||r|||| 00| 0 | ||
| 007 | ta | ||
| 008 | 221004b |||||||| |||| 00| 0 eng d | ||
| 020 |
_a9781138290716 (pbk) _cINR 595.00 |
||
| 024 | _a34612 | ||
| 037 |
_bP-364/17-18, 15/09/2017, Manohar Publisher & Distributors _cTextual |
||
| 040 |
_aCRL _cCRL _beng |
||
| 041 |
_2eng _aeng |
||
| 082 | _aO111,3:g, Q7 | ||
| 100 |
_aVarughese E. Dawson Au. _9617296 |
||
| 245 | 0 |
_aGenre fiction of new India _b post-millennial receptions of 'weird' narratives |
|
| 260 |
_aNew York _bRoutledge USA _c2017 |
||
| 300 |
_axvi,168p. _ccm. |
||
| 490 | _aRoutledge studies in contemporary literature | ||
| 650 | _a ENGLISH LITERATURE | ||
| 650 | _a INDIAN LITERATURE | ||
| 650 | _aENGLISH FICTION | ||
| 942 |
_hO111,3:g, Q7 _cTEXL _2cc |
||
| 999 |
_c998820 _d998820 |
||